Die Tierzuchtverhältnisse in Rumänien

Bibliographic Details
Main Author: Constantinescu, G. K. (Author)
Format: Book
Language:German
PhysicalDescription:60 strán fotografie, mapa 24 cm
Published: Bukarest Die Dacia 1943
Subjects:

MARC

LEADER 00000nam a2200000 4500
001 vtls011770866
003 SK-MaSNL
005 20260301095938.0
008 250313s1943 rm bo 000 0 ger
020 |q (brožované) 
035 |a urn:nbn:sk:snk-am00d48t 
035 |a urn:nbn:sk:snk-am3hl5y 
035 |a E8D7D93C-5987-4BF6-B6E9-B47B32703623 
040 |a SNK  |b slo  |c SNK  |e rda 
041 0 |a ger 
043 |a e-rm--- 
044 |a rm  |c RO 
072 7 |a 636  |x Chov zvierat. Živočíšna výroba  |2 konspekt 
080 |a 636.08  |2 2011 
080 |a (498)  |2 2011 
080 |a (048.8)  |2 2011 
100 1 |a Constantinescu, G. K.  |4 aut  |9 432068 
245 1 4 |a Die Tierzuchtverhältnisse in Rumänien  |c G. K. Constantinescu 
264 1 |a Bukarest  |b Die Dacia  |c 1943 
300 |a 60 strán  |b fotografie, mapa  |c 24 cm 
336 |a text  |b txt  |2 rdacontent 
336 |a statický obraz  |b sti  |2 rdacontent 
337 |a bez média  |b n  |2 rdamedia 
338 |a zväzok  |b nc  |2 rdacarrier 
650 0 7 |a chov domácich zvierat  |2 SNKPH  |9 2801 
650 0 7 |a Domestic animals breeding  |2 SNKPHeng  |9 335613 
651 7 |a Rumunsko  |2 SNKPH  |9 17409 
651 7 |a Romania  |2 SNKPHeng  |9 171770 
655 7 |a štúdie  |2 SNKPH  |9 57033 
655 7 |a Studies  |2 SNKPHeng  |9 265573 
752 |a Rumunsko  |d Bukurešť 
852 |a Slovenská národná knižnica 
958 |a RO 
958 |a DE 
958 |a OND 
999 |c 684639  |d 686569 
952 |a SNK  |b SNK  |y PREZ  |7 0  |p 17A0755505  |o snkSC 3060/21  |i snksnk551/44  |0 0  |1 0  |4 0  |d 2018-08-06  |f 1  |l 0  |r 2025-06-17 00:00:00  |w 2026-02-23